Le temple dans l'homme /
محفوظ في:
المؤلف الرئيسي:
التنسيق: كتاب
اللغة: French
منشور في:
Le Caire :
Impr. Schindler,
1949.
الموضوعات:
الوسوم: إضافة وسم
لا توجد وسوم, كن أول من يضع وسما على هذه التسجيلة!
رقم الطلب: N384 .T4 1949
| LEADER | 00655nam a2200217Mc 4500 | ||
|---|---|---|---|
| 001 | on1407674155 | ||
| 003 | OSt | ||
| 005 | 20250910084626.0 | ||
| 008 | 201011s1949 ua af 000 0 fre d | ||
| 040 | |c ARCE Library | ||
| 050 | 4 | |a N384 .T4 1949 | |
| 100 | 1 | |a Schwaller de Lubicz, R. A. |d 1887-1961. | |
| 245 | 1 | 3 | |a Le temple dans l'homme / |c R.A. Schwaller de Lubicz. |
| 264 | 1 | |a Le Caire : |b Impr. Schindler, |c 1949. | |
| 300 | |a 110 p., 6 folded leaves of plates : |b ill. ; |c 25 cm. | ||
| 610 | 2 | 0 | |a Temple of Luxor |v Miscellanea. |
| 650 | 0 | |a Occultism |z Egypt. | |
| 650 | 0 | |a Architecture |z Egypt. | |
| 901 | |a reviewed | ||
| 942 | |2 lcc |c BK | ||
| 999 | |c 55762 |d 55762 | ||
